Kaplan & Sadock's comprehensive textbook of psychiatry / editors, Benjamin J. Sadock, Virginia A. Sadock. (Record no. 3565)
[ view plain ]
| 000 -LEADER | |
|---|---|
| fixed length control field | 00994cam a22002654a 4500 |
| 001 - CONTROL NUMBER | |
| control field | 13683436 |
| 005 - DATE AND TIME OF LATEST TRANSACTION | |
| control field | 20250207170524.0 |
| 008 - FIXED-LENGTH DATA ELEMENTS--GENERAL INFORMATION | |
| fixed length control field | 040809s2004 paua b 001 0 eng |
| 020 ## - INTERNATIONAL STANDARD BOOK NUMBER | |
| International Standard Book Number | 9780781734349 |
| 050 00 - LIBRARY OF CONGRESS CALL NUMBER | |
| Classification number | RC454 |
| Item number | .C637 2004 |
| 082 00 - DEWEY DECIMAL CLASSIFICATION NUMBER | |
| Classification number | 616.89 |
| Edition information | 22 |
| 245 00 - TITLE STATEMENT | |
| Title | Kaplan & Sadock's comprehensive textbook of psychiatry / editors, Benjamin J. Sadock, Virginia A. Sadock. |
| Statement of responsibility, etc. | editors, Benjamin J. Sadock, Virginia A. Sadock. |
| 250 ## - EDITION STATEMENT | |
| Edition statement | 8th ed. |
| 260 ## - PUBLICATION, DISTRIBUTION, ETC. | |
| Place of publication, distribution, etc. | Philadelphia : |
| Name of publisher, distributor, etc. | Lippincott Williams & Wilkins, |
| Date of publication, distribution, etc. | c2004. |
| 300 ## - PHYSICAL DESCRIPTION | |
| Extent | 2 v. : |
| Other physical details | ill. ; |
| Dimensions | 29 cm. |
| 650 #0 - SUBJECT ADDED ENTRY--TOPICAL TERM | |
| Topical term or geographic name entry element | Psychiatry. |
| 650 12 - SUBJECT ADDED ENTRY--TOPICAL TERM | |
| Topical term or geographic name entry element | Mental Disorders. |
| 650 22 - SUBJECT ADDED ENTRY--TOPICAL TERM | |
| Topical term or geographic name entry element | Psychiatry. |
| 700 1# - ADDED ENTRY--PERSONAL NAME | |
| Personal name | Sadock, Benjamin J., |
| Dates associated with a name | 1933- |
| 700 1# - ADDED ENTRY--PERSONAL NAME | |
| Personal name | Sadock, Virginia A. |
| 700 1# - ADDED ENTRY--PERSONAL NAME | |
| Personal name | Kaplan, Harold I., |
| Dates associated with a name | 1927- |
| 856 41 - ELECTRONIC LOCATION AND ACCESS | |
| Materials specified | Table of contents |
| Uniform Resource Identifier | <a href="http://www.loc.gov/catdir/toc/ecip0421/2004018805.html">http://www.loc.gov/catdir/toc/ecip0421/2004018805.html</a> |
| 856 42 - ELECTRONIC LOCATION AND ACCESS | |
| Materials specified | Publisher description |
| Uniform Resource Identifier | <a href="http://www.loc.gov/catdir/enhancements/fy0712/2004018805-d.html">http://www.loc.gov/catdir/enhancements/fy0712/2004018805-d.html</a> |
| 942 ## - ADDED ENTRY ELEMENTS (KOHA) | |
| Source of classification or shelving scheme | Library of Congress Classification |
| Koha item type | Books |
| Edition | 8th ed. |
| Suppress in OPAC | No |
| 999 ## - | |
| -- | 3565 |
| -- | 3565 |
| Withdrawn status | Lost status | Source of classification or shelving scheme | Damaged status | Not for loan | Collection | Home library | Current library | Shelving location | Date acquired | Total checkouts | Full call number | Barcode | Date last seen | Copy number | Price effective from | Koha item type |
|---|---|---|---|---|---|---|---|---|---|---|---|---|---|---|---|---|
| Library of Congress Classification | Non-fiction | Science Library (Miotso) | Science Library (Miotso) | General stacks | 02/07/2025 | RC454 .C637 KAP | SLM00002998 | 02/07/2025 | 1 | 02/07/2025 | Books | |||||
| Library of Congress Classification | Non-fiction | Science Library (Miotso) | Science Library (Miotso) | General stacks | 02/07/2025 | RC454 .C637 KAP | SLM00002999 | 02/07/2025 | 2 | 02/07/2025 | Books | |||||
| Library of Congress Classification | Non-fiction | Science Library (Miotso) | Science Library (Miotso) | General stacks | 02/07/2025 | RC454 .C637 KAP | SLM00003000 | 02/07/2025 | 3 | 02/07/2025 | Books | |||||
| Library of Congress Classification | Non-fiction | Science Library (Miotso) | Science Library (Miotso) | General stacks | 02/07/2025 | RC454 .C637 KAP | SLM00003001 | 02/07/2025 | 4 | 02/07/2025 | Books | |||||
| Library of Congress Classification | Non-fiction | Science Library (Miotso) | Science Library (Miotso) | General stacks | 02/07/2025 | RC454 .C637 KAP | SLM00003002 | 02/07/2025 | 5 | 02/07/2025 | Books | |||||
| Library of Congress Classification | Non-fiction | Science Library (Miotso) | Science Library (Miotso) | General stacks | 02/07/2025 | RC454 .C637 KAP | SLM00003003 | 02/07/2025 | 6 | 02/07/2025 | Books | |||||
| Library of Congress Classification | Non-fiction | Science Library (Miotso) | Science Library (Miotso) | General stacks | 02/07/2025 | RC454 .C637 KAP | SLM00003004 | 02/07/2025 | 7 | 02/07/2025 | Books | |||||
| Library of Congress Classification | Non-fiction | Science Library (Miotso) | Science Library (Miotso) | General stacks | 02/07/2025 | RC454 .C637 KAP | SLM00003005 | 02/07/2025 | 8 | 02/07/2025 | Books | |||||
| Library of Congress Classification | Non-fiction | Science Library (Miotso) | Science Library (Miotso) | General stacks | 02/07/2025 | RC454 .C637 KAP | SLM00003006 | 02/07/2025 | 9 | 02/07/2025 | Books |